Open Data Biblioteca Nacional de Portugal


República Portuguesa: Ministério da Cultura
Biblioteca Nacional de Portugal

Catálogo da BNP: acesso por Identificadores Unívocos
Registos Bibliográficos associados ao registo de autoridade

Etiqueta de registo: 00254nas 2200025 450
001 2167970
003 http://id.bnportugal.gov.pt/bib/catbnp/2167970
011 ## $a2976-0615
100 ## $a20240524a20249999k y0pory01030103ba
101 0# $apor
102 ## $aPT
106 ## $as
110 ## $aakazz 0uu0
135 ## $avrcu ---uuuuu
200 1# $aCaderno de laboratório$fpropr. LAPSO - Laboratório de Psicologia$gcolab. CIS-Iscte - Centro de Investigação e Intervenção Social
207 #0 $aV. 1 (maio 2024)-
210 #9 $aLisboa$cISCTE - Instituto Universitário de Lisboa,$d2024-
326 ## $aAnual
530 1# $aCaderno de Laboratório$b(LAPSO - Laboratório de Psicologia )
620 ## $dLisboa
675 ## $a159.9.07(051)(0.034)$vBN$zpor$31917027
712 02 $aInstituto Superior de Ciências do Trabalho e da Empresa.$bLaboratório de Psicologia$4650$31917014
712 02 $aInstituto Superior de Ciências do Trabalho e da Empresa.$bCentro de Investigação e Intervenção Social$4205$31861441
801 #0 $aPT$bBN$gRPC
802 ## $a18
856 40 $uhttps://lapso.iscte-iul.pt/pt/recursos/
971 ## $cssilva$d20240524
973 ## $cigoulao$d20240524

OpendataBNP@bnportugal.pt | Mais informação sobre acesso aos dados BNP